Le Socialisme Chrétien
Guardat en:
| Autor principal: | |
|---|---|
| Format: | Llibre |
| Idioma: | francès |
| Publicat: |
París
Librairie Hachette et Cie
1892
|
| Matèries: | |
| Etiquetes: |
Afegir etiqueta
Sense etiquetes, Sigues el primer a etiquetar aquest registre!
|
MARC
| LEADER | 00000nam a2200000 a 4500 | ||
|---|---|---|---|
| 001 | UCG5614 | ||
| 003 | CL-VaPUC | ||
| 008 | 110310e18920000FR |||||||||||||||||fre|d | ||
| 082 | 0 | 4 | |a 335.7 |b JOL |2 21 |
| 100 | |a Joly, Henri |e author |9 555295 | ||
| 245 | 1 | 3 | |a Le Socialisme Chrétien |
| 300 | |a 836 p | ||
| 942 | |c BK | ||
| 945 | |d 20110310 00:00:00 |a jcampos | ||
| 260 | |a París |b Librairie Hachette et Cie |c 1892 | ||
| 650 | 7 | |a SOCIALISMO CRISTIANO |2 CL-VaPUC |9 466710 | |
| 650 | 0 | |a Filosofía |9 223554 | |
| 650 | 0 | |a Teología |9 258766 | |
| 583 | |a last modification |c 20110310 00:00:00 |k Rodrigo Vera | ||
| 999 | |c 344025 |d 344023 | ||
| 952 | |0 0 |1 0 |4 0 |6 335_700000000000000_JOL_1892 |7 0 |8 X |9 441789 |a FDOBUD |b FDOBUD |d 2019-11-22 |i 4737172 |o 335.7 JOL 1892 |p 4737172 |r 2019-11-22 |w 2019-11-22 |y BK_X |k BUD | ||